000 00642cam a22002295a 4500
001 L159645
008 150226s2017 xxk f 000 0 eng d
035 _a(Sirsi) u159645
041 0 _aeng
100 1 _aWilding, Mark
245 0 0 _aIs co-living working?
260 _c2017
490 _aModus
_vSeptember 2017, 22-24 (3)
520 _aLooks at shared living schemes as one of the solutions to the housing shortage and social isolation.
590 _aKA
650 2 4 _aSHARED ACCOMMODATION
650 2 4 _aCOMMUNITY HOUSING
650 2 4 _aCO-LIVING
651 4 _aInternational
690 _aResidential property
_96266
942 _n0
999 _c84888
_d84888